000 00514nam a2200193 a 4500
001 17365
003 CO-ViMGA
008 141112s2004 ck r 000 u spa d
020 _a8448020111
040 _aCO-ViMGA
_bspa
_cCO-ViMGA
082 0 4 _aTHrj
100 1 _aThraves, Stephen
_924684
245 1 0 _aLas joyas del rescate
260 _aBarcelona (Espáña),
_cTimun Mas,
_c1994
300 _a129.p.
650 1 4 _aCUENTOS DE TERROR
_91077
650 1 4 _aCUENTOS INFANTILES ESTADOUNIDENSES
_9823
942 _2ddc
_cBK
999 _c26916
_d26916